Education versus cash redistribution The lifetime context (Registro nro. 25693)
[ vista simple ]
| 000 -LEADER | |
|---|---|
| fixed length control field | 00350 a2200109 4500 |
| 001 - CONTROL NUMBER | |
| control field | ART_11640 |
| 005 - DATE AND TIME OF LATEST TRANSACTION | |
| control field | 20260410161858.0 |
| 008 - FIXED-LENGTH DATA ELEMENTS--GENERAL INFORMATION | |
| fixed length control field | 260409a |
| 100 1# - MAIN ENTRY--PERSONAL NAME | |
| Personal name | Layard, Richard |
| 245 10 - TITLE STATEMENT | |
| Title | Education versus cash redistribution The lifetime context |
| 773 0# - HOST ITEM ENTRY | |
| Title | Journal of public economics |
| Related parts | - Vol. 12, Nº 3 (dic. 1979) |
| Record control number | REV11485 |
No hay ítems disponibles.